000 01004cam a22003494i 4500
003 PE-LiUPU
005 20250731173228.0
008 150625s r 000 0 d
035 _a(Sirsi) a34372
040 _aPE-LiUPU
_bspa
_cPE-LiUPU
_erda
082 0 4 _a230 U.M.I.
_bP33
_221
100 1 _aPfandl, Gerhard,
_eautor.
245 1 4 _aThe latter days and the time of the end the book of Daniel /
_cGerhard Pfandl.
336 _atext
_2rdacontent
337 _aunmediated
_2rdamedia
338 _avolume
_2rdacarrier
526 _aSEG42
526 _aSEG41
526 _aSEG40
526 _aSEG39
526 _aP94
526 _aP87
526 _aP86
526 _aP85
526 _aP77
526 _aP76
526 _aP35
942 _2ddc
_cBOOK
949 _a230U.M.I. P33
_wDEWEY
_c1
_i37267
_lCCODEBUL1
_mBUL
_p00.00
_r0
_sY
_tBOOK
_u2015-06-25
_xBIBLIOTECA
_zUNKNOWN
_0COMPRA
_o.STAFF. Colección General
999 _c42221
_d42221
980 _81
_gALBERTO SANCHEZ Responsable de Automatización